000 00296nam a2200121Ia 4500
008 191201s2017 xx 000 0 und d
100 _aLATHI,BP
245 0 _aModern Digital and Analog Communication Systems
260 _bOxford
_c2017
300 _a964
650 _aB.Tech(ECE)
942 _2ddc
_cBK
999 _c6821
_d6821